000 00902nam a2200253 a 4500
001 000026178
005 20200930024352.0
008 110303s1972 sp r 000 0 spa d
040 _aDO-SdBNP
_bspa
_cBNPHU
041 1 7 _aspa
_heng
_2Código de idioma MARC
082 _aNNN
_bC616h
100 1 _aClausse, Arnould
_953183
240 1 0 _aPédagogie rationaliste.
_lEspañol.
245 1 0 _aHacia una pedagogía racional /
_cArnould Clausse ; traducción José de Lucas.
260 _aMadrid :
_bEdiciones Marova,
_c1972.
300 _a202, [6] p. ;
_c18 cm.
490 1 _aBiblioteca del educador
_v1
534 _aTítulo original:
_tPédagogie rationaliste.
500 _aIncluye referencias bibliográficas y notas al pie de las páginas
504 _aIncluye Bibliografía (p. 201-204)
700 1 _aLucas, José de
_etr.
_953184
830 0 _aBiblioteca del educador ;
_v1
_953185
049 _aBNGR
999 _c25670
_d25670